[Event "Titled Tuesday intern op 23rd Apr Late"]
[Site "Chess.com INT"]
[Date "2024.04.23"]
[Round "8"]
[White "Rohwer, Paul"]
[Black "Vargas, Mauricio"]
[Result "1-0"]
[WhiteElo "2225"]
[BlackElo "1974"]
[PlyCount "97"]
[EventDate "2024.04.23"]
[EventType "swiss (blitz)"]
[EventRounds "11"]
[EventCountry "USA"]
[SourceTitle "CB18_2024"]
[SourceDate "2024.05.01"]
[SourceVersion "1"]
[SourceVersionDate "2024.05.01"]
[SourceQuality "2"]

1. e4 c5 2. Nf3 d6 3. d4 cxd4 4. Nxd4 Nc6 5. Nc3 Bd7 6. Be2 g6 7. Be3 Bg7 8. 0-0 Nf6 9. h3 0-0 10. Qd2 Rc8 11. Nb3 Ne5 12. a4 Nc4 13. Bxc4 Rxc4 14. Bxa7 Nxe4 15. Nxe4 Rxe4 16. a5 Bxb2 17. Rab1 Bg7 18. Bb6 Qc8 19. Qd3 Bc6 20. Nd4 Re5 21. Nxc6 Qxc6 22. c4 Rg5 23. f3 Be5 24. Be3 Rh5 25. Rb6 Qd7 26. f4 Bg7 27. Rb5 Rc5 28. Bxc5 Qe6 29. Bf2 Rc8 30. Re1 Qf6 31. Rxb7 Qxf4 32. Rexe7 Qf6 33. Rxf7 Qa1+ 34. Kh2 Be5+ 35. Bg3 Bxg3+ 36. Qxg3 Qe5 37. Qxe5 dxe5 38. Rg7+ Kf8 39. Rxh7 Kg8 40. Rbg7+ Kf8 41. Rh8+ Kxg7 42. Rxc8 Kf6 43. a6 Kf5 44. a7 e4 45. a8Q Kf4 46. Qd5 Ke3 47. Re8 Kf2 48. Qxe4 g5 49. Rf8# 1-0

[Event "Titled Tuesday intern op 23rd Apr Late"]
[Site "Chess.com INT"]
[Date "2024.04.23"]
[Round "10"]
[White "Vargas, Mauricio"]
[Black "Vila Dupla, Aurelio"]
[Result "0-1"]
[WhiteElo "1974"]
[BlackElo "2042"]
[PlyCount "82"]
[EventDate "2024.04.23"]
[EventType "swiss (blitz)"]
[EventRounds "11"]
[EventCountry "USA"]
[SourceTitle "CB18_2024"]
[SourceDate "2024.05.01"]
[SourceVersion "1"]
[SourceVersionDate "2024.05.01"]
[SourceQuality "2"]

1. e4 c5 2. Nc3 d6 3. f4 g6 4. Nf3 Bg7 5. Bb5+ Bd7 6. Bxd7+ Qxd7 7. d3 Nc6 8. Bd2 Nf6 9. Ne2 b5 10. c3 b4 11. 0-0 0-0 12. Qe1 a5 13. h3 a4 14. Qh4 a3 15. bxa3 bxc3 16. Bxc3 Rxa3 17. Bd2 Rxd3 18. Rad1 Nxe4 19. Bc1 Rxd1 20. Rxd1 Qa7 21. Kh2 Qxa2 22. Ng3 Nxg3 23. Qxg3 Nd4 24. Ng5 Nf5 25. Qf3 h6 26. Ne4 Qc2 27. Rf1 Rb8 28. Kh1 Rb1 29. g4 Qxe4 30. gxf5 Qxf3+ 31. Rxf3 Rxc1+ 32. Kg2 gxf5 33. Rb3 Kh7 34. Rb7 Bf6 35. Kf2 Rc2+ 36. Ke3 Rh2 37. h4 Rh3+ 38. Ke2 Rxh4 39. Rb3 c4 40. Rf3 c3 41. Kd3 Rh2 0-1

[Event "Titled Tuesday intern op 16th Apr Early"]
[Site "Chess.com INT"]
[Date "2024.04.16"]
[Round "9"]
[White "Nikulina, Alena"]
[Black "Vargas, Mauricio"]
[Result "1-0"]
[WhiteElo "1906"]
[BlackElo "1974"]
[PlyCount "93"]
[EventDate "2024.04.16"]
[EventType "swiss (blitz)"]
[EventRounds "11"]
[EventCountry "USA"]
[SourceTitle "CB17_2024"]
[SourceDate "2024.04.24"]
[SourceVersion "1"]
[SourceVersionDate "2024.04.24"]
[SourceQuality "1"]

1. e4 d5 2. exd5 Qxd5 3. Nc3 Qa5 4. d4 c6 5. Nf3 Nf6 6. Be2 Bf5 7. 0-0 e6 8. a3 Bd6 9. Be3 0-0 10. b4 Qc7 11. Na4 b6 12. c4 Nbd7 13. c5 Be7 14. Nc3 Nd5 15. Nxd5 exd5 16. Qd2 Nf6 17. Bf4 Qd7 18. Ne5 Qc8 19. f3 b5 20. a4 a6 21. axb5 axb5 22. Qb2 Qb7 23. Rxa8 Rxa8 24. Ra1 h6 25. g4 Be6 26. Ra3 Nd7 27. Nxd7 Bxd7 28. Qa2 Rxa3 29. Qxa3 Bf6 30. Be3 g6 31. Bxh6 Bxd4+ 32. Be3 Be5 33. f4 Bg7 34. Kf2 Qc8 35. h3 d4 36. Bd2 Be6 37. Qa7 Bd5 38. Qe7 Bf8 39. Qe5 Bg7 40. Qd6 Qe8 41. Bxb5 Qe4 42. Be2 Qg2+ 43. Ke1 Qg1+ 44. Bf1 Bg2 45. Qd8+ Kh7 46. Qh4+ Kg8 47. Qf2 1-0

[Event "Titled Tuesday intern op 16th Apr Early"]
[Site "Chess.com INT"]
[Date "2024.04.16"]
[Round "10"]
[White "Vargas, Mauricio"]
[Black "Mirza, Diana"]
[Result "1-0"]
[WhiteElo "1974"]
[BlackElo "1956"]
[PlyCount "55"]
[EventDate "2024.04.16"]
[EventType "swiss (blitz)"]
[EventRounds "11"]
[EventCountry "USA"]
[SourceTitle "CB17_2024"]
[SourceDate "2024.04.24"]
[SourceVersion "1"]
[SourceVersionDate "2024.04.24"]
[SourceQuality "1"]

1. e4 b6 2. Nc3 Bb7 3. d3 g6 4. f4 Bg7 5. Nf3 d6 6. g3 e5 7. Bg2 Ne7 8. 0-0 0-0 9. Qe1 Nd7 10. h3 f5 11. g4 fxe4 12. dxe4 exf4 13. Ng5 Nc6 14. Ne6 Qf6 15. Nxf8 Rxf8 16. Rxf4 Qe5 17. Rxf8+ Nxf8 18. Be3 Nd4 19. Qf2 Nfe6 20. Rd1 c5 21. a4 Ng5 22. Nb5 Nxb5 23. axb5 Nxe4 24. Qf4 Qxf4 25. Bxf4 d5 26. c3 Kf7 27. Bxe4 dxe4 28. Rd7+ 1-0

[Event "Bogota Centro Comercial op 2nd"]
[Site "Bogota"]
[Date "2024.04.14"]
[Round "1"]
[White "Vargas, Mauricio"]
[Black "Cortes Roman, Santiago"]
[Result "1-0"]
[WhiteElo "2033"]
[BlackElo "1555"]
[PlyCount "103"]
[EventDate "2024.04.14"]
[EventType "swiss"]
[EventRounds "7"]
[EventCountry "COL"]
[SourceTitle "CB16_2024"]
[SourceDate "2024.04.17"]
[SourceVersion "1"]
[SourceVersionDate "2024.04.17"]
[SourceQuality "1"]

1. e4 e5 2. Nf3 Nc6 3. Bc4 Nf6 4. d3 Bc5 5. h3 h6 6. a4 a6 7. c3 0-0 8. b4 Ba7 9. Bb3 d5 10. Qe2 b6 11. 0-0 Bb7 12. Nbd2 Re8 13. Bb2 d4 14. cxd4 exd4 15. b5 Ne7 16. Nxd4 Ng6 17. Nf5 Qd7 18. Qf3 Rad8 19. Nxh6+ Kh7 20. Nxf7 Rc8 21. Ng5+ Kh8 22. Bf7 Ne5 23. Bxe5 Rxe5 24. Qg3 Rxg5 25. Qxg5 Qxf7 26. Nf3 Nh7 27. Qg3 Bb8 28. Ne5 Qf6 29. Ng6+ Kg8 30. e5 Qf7 31. Rac1 axb5 32. axb5 c6 33. bxc6 Bxc6 34. d4 Bd7 35. Rxc8+ Bxc8 36. d5 Bf5 37. Nh4 Bc8 38. e6 Qb7 39. e7 Nf6 40. Qe3 Bd7 41. Rd1 Kf7 42. d6 Nd5 43. Qf3+ Nf6 44. Qxb7 Bxd6 45. Rxd6 Kxe7 46. Nf5+ Ke8 47. Nxg7+ Ke7 48. Nf5+ Ke8 49. Rxf6 Bxf5 50. Rxf5 b5 51. Rf7 b4 52. Qe7# 1-0

[Event "Bogota Centro Comercial op 2nd"]
[Site "Bogota"]
[Date "2024.04.14"]
[Round "3"]
[White "Vargas, Mauricio"]
[Black "Montilla Rodriguez, Camilo"]
[Result "1-0"]
[WhiteElo "2033"]
[BlackElo "1692"]
[PlyCount "55"]
[EventDate "2024.04.14"]
[EventType "swiss"]
[EventRounds "7"]
[EventCountry "COL"]
[SourceTitle "CB16_2024"]
[SourceDate "2024.04.17"]
[SourceVersion "1"]
[SourceVersionDate "2024.04.17"]
[SourceQuality "1"]

1. d4 c6 2. c4 Nf6 3. Nc3 d5 4. cxd5 cxd5 5. Bf4 Nc6 6. e3 a6 7. Be2 Bf5 8. g4 Bg6 9. Qb3 Qd7 10. g5 Na5 11. Qb6 Nh5 12. Qxa5 Nxf4 13. exf4 e6 14. Bb5 axb5 15. Qxa8+ Ke7 16. Qa5 Bd3 17. Nf3 f6 18. 0-0-0 Be4 19. Nxe4 dxe4 20. Nd2 Qc6+ 21. Kb1 Kf7 22. Rhe1 b6 23. Qc3 Qd7 24. Nxe4 f5 25. Ng3 Bd6 26. d5 Re8 27. dxe6+ Rxe6 28. Qb3 1-0

[Event "Titled Tuesday intern op 02nd Apr Early"]
[Site "Chess.com INT"]
[Date "2024.04.02"]
[Round "8"]
[White "Dahlgren, James Allen"]
[Black "Vargas, Mauricio"]
[Result "1-0"]
[WhiteElo "1868"]
[BlackElo "1974"]
[PlyCount "71"]
[EventDate "2024.04.02"]
[EventType "swiss (blitz)"]
[EventRounds "11"]
[EventCountry "USA"]
[SourceTitle "CB15_2024"]
[SourceDate "2024.04.10"]
[SourceVersion "1"]
[SourceVersionDate "2024.04.10"]
[SourceQuality "1"]

1. d3 e5 2. f4 Nc6 3. Nf3 d6 4. e4 g6 5. Nc3 Bg7 6. Be2 exf4 7. Bxf4 Nf6 8. 0-0 0-0 9. h3 Nh5 10. Be3 Ng3 11. Rf2 Nxe2+ 12. Qxe2 b6 13. Raf1 Bb7 14. Bg5 f6 15. Be3 f5 16. Kh1 fxe4 17. dxe4 Qe8 18. Nd5 Rc8 19. Bc1 Nd4 20. Nxd4 Bxd4 21. Rxf8+ Qxf8 22. Rxf8+ Kxf8 23. Bh6+ Kg8 24. Ne7+ Kf7 25. Nxc8 Bxc8 26. c3 Bf6 27. Qf3 Ke7 28. Bf8+ Kf7 29. g4 g5 30. h4 h6 31. Bxh6 Kg6 32. h5+ Kf7 33. Bxg5 Bxg4 34. Qxf6+ Kg8 35. h6 Bh5 36. Qg7# 1-0

[Event "Titled Tuesday intern op 02nd Apr Early"]
[Site "Chess.com INT"]
[Date "2024.04.02"]
[Round "9"]
[White "Guzman Lozano, Campo Elias"]
[Black "Vargas, Mauricio"]
[Result "1-0"]
[WhiteElo "1902"]
[BlackElo "1974"]
[PlyCount "81"]
[EventDate "2024.04.02"]
[EventType "swiss (blitz)"]
[EventRounds "11"]
[EventCountry "USA"]
[SourceTitle "CB15_2024"]
[SourceDate "2024.04.10"]
[SourceVersion "1"]
[SourceVersionDate "2024.04.10"]
[SourceQuality "1"]

1. Nf3 c6 2. b3 d5 3. Bb2 Nf6 4. d3 Bg4 5. Nbd2 e6 6. g3 Be7 7. Bg2 0-0 8. 0-0 Nbd7 9. c4 Bh5 10. Re1 Bg6 11. Rc1 Ng4 12. e4 dxe4 13. Nxe4 Ngf6 14. Qc2 Nxe4 15. dxe4 Bf6 16. Bxf6 Nxf6 17. Ne5 Qc7 18. Nxg6 hxg6 19. Rcd1 Rad8 20. Qc3 Rxd1 21. Rxd1 Rd8 22. Rxd8+ Qxd8 23. Bf3 Qd7 24. e5 Ne8 25. Kf1 Nc7 26. Ke2 Na6 27. Ke3 Nc5 28. Qd4 Qxd4+ 29. Kxd4 Nd7 30. b4 Kf8 31. a4 Ke7 32. a5 Nb8 33. b5 Kd7 34. Kc5 cxb5 35. cxb5 Kc7 36. b6+ axb6+ 37. axb6+ Kc8 38. Kd6 Nc6 39. Bxc6 bxc6 40. Kxc6 Kb8 41. b7 1-0

[Event "Titled Tuesday intern op 02nd Apr Late"]
[Site "Chess.com INT"]
[Date "2024.04.02"]
[Round "6"]
[White "Vargas, Mauricio"]
[Black "Demina, Marya"]
[Result "0-1"]
[WhiteElo "1974"]
[BlackElo "1962"]
[PlyCount "52"]
[EventDate "2024.04.02"]
[EventType "swiss (blitz)"]
[EventRounds "11"]
[EventCountry "USA"]
[SourceTitle "CB15_2024"]
[SourceDate "2024.04.10"]
[SourceVersion "1"]
[SourceVersionDate "2024.04.10"]
[SourceQuality "1"]

1. e4 c6 2. Nc3 d5 3. d3 dxe4 4. Nxe4 Nf6 5. Nxf6+ exf6 6. Nf3 Bg4 7. Be2 Bd6 8. 0-0 0-0 9. Nd2 Bxe2 10. Qxe2 Re8 11. Qg4 Nd7 12. d4 Qc7 13. Nf3 Nb6 14. b3 c5 15. c4 cxd4 16. Nxd4 Bxh2+ 17. Kh1 Be5 18. Nf5 g6 19. Rb1 h5 20. Nh6+ Kg7 21. Qh3 Bf4 22. Nf5+ gxf5 23. Qxh5 Rh8 24. Qxh8+ Rxh8+ 25. Kg1 Bxc1 26. g3 Bf4 0-1

[Event "Calle rapid op"]
[Site "Calle"]
[Date "2024.03.10"]
[Round "3"]
[White "Santos Rios, Carlos Gabriel"]
[Black "Vargas, Mauricio"]
[Result "0-1"]
[WhiteElo "1735"]
[BlackElo "2028"]
[PlyCount "56"]
[EventDate "2024.03.10"]
[EventType "swiss (rapid)"]
[EventRounds "6"]
[EventCountry "COL"]
[SourceTitle "CB11_2024"]
[SourceDate "2024.03.13"]
[SourceVersion "1"]
[SourceVersionDate "2024.03.13"]
[SourceQuality "1"]

1. d4 Nf6 2. c4 d6 3. Nf3 g6 4. Nc3 Bg7 5. e4 0-0 6. h3 e5 7. dxe5 dxe5 8. Qxd8 Rxd8 9. Nxe5 Nxe4 10. Nxe4 Bxe5 11. Be2 f5 12. Bg5 Rf8 13. Nc5 Bxb2 14. Rb1 Bc3+ 15. Bd2 Bxd2+ 16. Kxd2 b6 17. Bf3 c6 18. Nd3 f4 19. Rhe1 Bf5 20. Kc3 Rd8 21. Ne5 Bxb1 22. Rxb1 Rd6 23. Re1 Re6 24. Bg4 Re7 25. Bc8 a5 26. Kd4 Na6 27. Bxa6 Rxa6 28. Nxc6 Rxe1 0-1

[Event "Calle rapid op"]
[Site "Calle"]
[Date "2024.03.10"]
[Round "4"]
[White "Vargas, Mauricio"]
[Black "Rua Perales, Jean Carlos"]
[Result "1-0"]
[WhiteElo "2028"]
[BlackElo "1667"]
[PlyCount "71"]
[EventDate "2024.03.10"]
[EventType "swiss (rapid)"]
[EventRounds "6"]
[EventCountry "COL"]
[SourceTitle "CB11_2024"]
[SourceDate "2024.03.13"]
[SourceVersion "1"]
[SourceVersionDate "2024.03.13"]
[SourceQuality "1"]

1. c4 c5 2. Nf3 Nc6 3. Nc3 g6 4. d4 cxd4 5. Nxd4 Bg7 6. Nb3 Nf6 7. e4 0-0 8. Be2 d6 9. 0-0 a5 10. a4 Be6 11. Be3 Ne5 12. Nd2 Rc8 13. Nd5 Bxd5 14. cxd5 e6 15. dxe6 fxe6 16. Qb3 Qe7 17. h3 Ned7 18. Bc4 d5 19. exd5 exd5 20. Bxd5+ Nxd5 21. Qxd5+ Kh8 22. Qxa5 Bxb2 23. Rab1 b6 24. Qd5 Bg7 25. Rfc1 Rxc1+ 26. Rxc1 Nc5 27. a5 Rd8 28. Bxc5 bxc5 29. Qxc5 Qe2 30. Nf3 h6 31. Qc6 Rd1+ 32. Rxd1 Qxd1+ 33. Kh2 Kh7 34. a6 Qa1 35. Qb7 Kg8 36. a7 1-0

[Event "Titled Tuesday intern op 13th Feb Early"]
[Site "Chess.com INT"]
[Date "2024.02.13"]
[Round "3"]
[White "Carrasco Miranda, Andres"]
[Black "Vargas, Mauricio"]
[Result "1-0"]
[WhiteElo "2234"]
[BlackElo "1957"]
[PlyCount "43"]
[EventDate "2024.02.13"]
[EventType "swiss (blitz)"]
[EventRounds "11"]
[EventCountry "USA"]
[SourceTitle "CB08_2024"]
[SourceDate "2024.02.21"]
[SourceVersion "1"]
[SourceVersionDate "2024.02.21"]
[SourceQuality "1"]

1. c4 e5 2. g3 Nc6 3. Bg2 f5 4. Nc3 Nf6 5. e3 Bb4 6. Nd5 Bf8 7. Ne2 Ne7 8. Nxf6+ gxf6 9. d4 Ng6 10. h4 h5 11. Qc2 d6 12. Bh3 Qd7 13. Bd2 Bh6 14. 0-0-0 0-0 15. e4 Ne7 16. Bxh6 Rf7 17. Be3 Nc6 18. Bxf5 Qe8 19. Bxc8 Qxc8 20. d5 Nb4 21. Qb3 Qd7 22. Qxb4 1-0

[Event "Titled Tuesday intern op 13th Feb Early"]
[Site "Chess.com INT"]
[Date "2024.02.13"]
[Round "7"]
[White "Vargas, Mauricio"]
[Black "Deveci, Huseyin Said"]
[Result "0-1"]
[WhiteElo "1957"]
[BlackElo "2250"]
[PlyCount "66"]
[EventDate "2024.02.13"]
[EventType "swiss (blitz)"]
[EventRounds "11"]
[EventCountry "USA"]
[SourceTitle "CB08_2024"]
[SourceDate "2024.02.21"]
[SourceVersion "1"]
[SourceVersionDate "2024.02.21"]
[SourceQuality "1"]

1. e4 c5 2. Nc3 e6 3. f4 d5 4. e5 Nc6 5. Bb5 Bd7 6. Bxc6 Bxc6 7. d3 d4 8. Ne4 f5 9. exf6 Nxf6 10. Nxf6+ Qxf6 11. Nf3 Bd6 12. g3 0-0-0 13. 0-0 Rhf8 14. Qe1 h6 15. Bd2 Qg6 16. Ne5 Bxe5 17. Qxe5 Rd5 18. Qe2 Rdf5 19. Rae1 Kd7 20. b4 h5 21. bxc5 h4 22. Qf2 Rh5 23. Qxd4+ Kc8 24. Qd6 Rf6 25. Bc3 hxg3 26. Re2 gxh2+ 27. Kf2 Qg2+ 28. Ke1 Qxf1+ 29. Kxf1 h1Q+ 30. Kf2 Rh2+ 31. Ke3 Qf3+ 32. Kd4 Rxf4+ 33. Ke5 Rxe2# 0-1

[Event "Titled Tuesday intern op 13th Feb Early"]
[Site "Chess.com INT"]
[Date "2024.02.13"]
[Round "4"]
[White "Vargas, Mauricio"]
[Black "Goncalves, Nata"]
[Result "0-1"]
[WhiteElo "1957"]
[BlackElo "1998"]
[PlyCount "66"]
[EventDate "2024.02.13"]
[EventType "swiss (blitz)"]
[EventRounds "11"]
[EventCountry "USA"]
[SourceTitle "CB08_2024"]
[SourceDate "2024.02.21"]
[SourceVersion "1"]
[SourceVersionDate "2024.02.21"]
[SourceQuality "1"]

1. e4 c5 2. Nc3 Nc6 3. f4 g6 4. Nf3 Bg7 5. g3 e6 6. Bg2 Nge7 7. 0-0 0-0 8. Nb5 d6 9. d3 a6 10. Nc3 b5 11. Bd2 b4 12. Na4 Bd7 13. Rb1 Nd4 14. c3 Nxf3+ 15. Bxf3 Bb5 16. Be2 a5 17. c4 Bc6 18. b3 f5 19. Bf3 fxe4 20. dxe4 d5 21. cxd5 exd5 22. exd5 Bxd5 23. Nxc5 Bd4+ 24. Kg2 Bxc5 25. Rc1 Bb6 26. Qe2 Bxf3+ 27. Rxf3 Nf5 28. Qc4+ Kg7 29. Rd3 Qb8 30. Rd7+ Kh8 31. Bc3+ bxc3 32. Qxc3+ Kg8 33. g4 Ne3+ 0-1

[Event "Titled Tuesday intern op 06th Feb Early"]
[Site "Chess.com INT"]
[Date "2024.02.06"]
[Round "3"]
[White "Cardozo Munar, Carlos Eduardo"]
[Black "Vargas, Mauricio"]
[Result "1-0"]
[WhiteElo "2043"]
[BlackElo "1957"]
[PlyCount "45"]
[EventDate "2024.02.06"]
[EventType "swiss (blitz)"]
[EventRounds "11"]
[EventCountry "USA"]
[SourceTitle "CB07_2024"]
[SourceDate "2024.02.14"]
[SourceVersion "1"]
[SourceVersionDate "2024.02.14"]
[SourceQuality "1"]

1. d4 d5 2. c3 Nf6 3. Bg5 Ne4 4. h4 Nxg5 5. hxg5 e6 6. Nf3 Be7 7. Qd3 g6 8. Qd2 Bd7 9. Na3 Nc6 10. Nc2 Bd6 11. e3 Be7 12. Bd3 Bxg5 13. Nxg5 Qxg5 14. 0-0-0 Qxg2 15. Rdg1 Qf3 16. Rh4 Qf6 17. Rgh1 h5 18. Rf4 Qe7 19. e4 dxe4 20. Rxe4 0-0-0 21. Ne3 Qf6 22. Nc4 Ne7 23. Ne5 1-0

[Event "Titled Tuesday intern op 06th Feb Late"]
[Site "Chess.com INT"]
[Date "2024.02.06"]
[Round "5"]
[White "Garrido, Denis"]
[Black "Vargas, Mauricio"]
[Result "1-0"]
[WhiteElo "2230"]
[BlackElo "1957"]
[PlyCount "59"]
[EventDate "2024.02.06"]
[EventType "swiss (blitz)"]
[EventRounds "11"]
[EventCountry "USA"]
[SourceTitle "CB07_2024"]
[SourceDate "2024.02.14"]
[SourceVersion "1"]
[SourceVersionDate "2024.02.14"]
[SourceQuality "1"]

1. d4 d5 2. c4 e6 3. Nc3 c6 4. e4 dxe4 5. Nxe4 Bb4+ 6. Bd2 Bxd2+ 7. Qxd2 Nf6 8. Nc3 0-0 9. Nf3 Nbd7 10. Bd3 Qc7 11. 0-0 c5 12. d5 a6 13. d6 Qb6 14. Rad1 Kh8 15. Bb1 Qd8 16. Rfe1 b6 17. Qf4 Bb7 18. Ng5 Qe8 19. Re3 h6 20. Rh3 e5 21. Qe3 Kg8 22. Nf3 Ng4 23. Qe2 f5 24. Nd5 Qg6 25. Ne7+ Kf7 26. Nxg6 Kxg6 27. Nh4+ Kh7 28. Nxf5 Kg8 29. Qxg4 Nf6 30. Qxg7# 1-0